Conflictos limítrofes entre municipios /
La serie "Debates del Pleno" reúne los debates que en torno a asuntos particulares se han discutido en la Suprema Corte de Justicia de la Nación. Cada volumen incluye las opiniones vertidas en cada sesión que revisó el asunto, la votación, la declaratoria, la sentencia, los votos particulares o mino...
Guardado en:
| Otros autores: | |
|---|---|
| Formato: | Libro |
| Idioma: | Español |
| Publicado: |
México :
Suprema Corte de Justicia de la Nación,
2001, c2001
|
| Colección: | (Debates del Pleno ;
35) |
| Temas: | |
| Etiquetas: |
Sin etiquetas, Sé el primero en etiquetar este registro!
|
MARC
| LEADER | 00000nam^a2200000^a^4500 | ||
|---|---|---|---|
| 001 | 000134230 | ||
| 005 | 20250521000000.0 | ||
| 009 | 20260310095200.939 | ||
| 020 | |a 970-712-108-4 | ||
| 037 | |a Acervo ITESO - Biblioteca | ||
| 041 | |a ESP | ||
| 082 | |a 348. 72 |b SEM S. 9-d V. 35 2001 | ||
| 240 | 1 | 1 | |a [Semanario Judicial de la Federación] |
| 245 | 0 | 0 | |a Conflictos limítrofes entre municipios / |c Presen. de G.D. Góngora Pimentel. |
| 264 | 4 | |a México : |b Suprema Corte de Justicia de la Nación, |c 2001, c2001 | |
| 300 | |a XVI, 261 p. | ||
| 336 | |a texto |b txt |2 rdacontenido | ||
| 337 | |a sin mediación |b n |2 rdamedio | ||
| 338 | |a volumen |b nc |2 rdasoporte | ||
| 440 | 1 | |a (Debates del Pleno ; |v 35) | |
| 520 | |a La serie "Debates del Pleno" reúne los debates que en torno a asuntos particulares se han discutido en la Suprema Corte de Justicia de la Nación. Cada volumen incluye las opiniones vertidas en cada sesión que revisó el asunto, la votación, la declaratoria, la sentencia, los votos particulares o minoritarios y las tesis que se generaron. En la obra presente, a partir de un decreto del Congreso del Estado de Morelos, sobre los límites del municipio de Cuernavaca, se discute si la decisión fue de naturaleza política y si, en ese contexto, la Suprema corte tiene facultades para analizar la legalidad del acuerdo. | ||
| 649 | |a XX | ||
| 650 | |a Límites - |z Morelos - |x Aspectos Jurídicos | ||
| 650 | |a Límites - |z Morelos - |x Aspectos Jurídicos | ||
| 650 | |a Municipios - |z Morelos | ||
| 650 | |a Municipios - |z México | ||
| 650 | |a Derecho Municipal - |z Morelos | ||
| 650 | |a Derecho Municipal - |z México | ||
| 650 | |a Derecho Constitucional - |z Morelos | ||
| 650 | |a Derecho Constitucional - |z México | ||
| 650 | |a Derecho Público - |z Morelos | ||
| 650 | |a Derecho Público - |z México | ||
| 700 | |a Góngora Pimentel, Genaro David |e (presentación) | ||
| 910 | |a Fondo General | ||
| 920 | |a Impresos - Libros | ||
| 930 | |a Colección General | ||
| 905 | |a 101 | ||
| 901 | |a 0500063479 |b IT1 |c ACC |u 20250521 | ||
| 902 | |a https://opac.biblio.iteso.mx/vufind/Record/000134230 | ||